| 000 | 00858cam a22002651i 4500 | ||
|---|---|---|---|
| 001 | agr50000438 | ||
| 003 | DLC | ||
| 005 | 20260227111013.0 | ||
| 008 | 760429s1950 nyuabde b 001 0 eng c | ||
| 010 | _aagr50000438 | ||
| 035 | _a(OCoLC)2147531 | ||
| 040 |
_aU.S. Dept. of Agr. Libr. _cOClW _dDLC |
||
| 042 | _apremarc | ||
| 050 | 0 | 0 |
_aTS805 _b.P34 |
| 082 | _a634.98 | ||
| 100 | 1 |
_aPanshin, A. J. _q(Alexis John), _d1901- |
|
| 245 | 1 | 0 |
_aForest products: _btheir sources, production and utilization _cby A. J. Panshin [and others] |
| 250 | _a1st ed. | ||
| 260 |
_aNew York, _bMcGraw-Hill, _c1950. |
||
| 300 |
_aix, 549 p. _billus., map. _c24 cm. |
||
| 490 | 0 | _aThe American forestry series | |
| 504 | _a"Selected references" at end of each chapter. | ||
| 650 | 0 |
_aForest products industry _zUnited States. |
|
| 650 | 0 |
_aForest products _zUnited States. |
|
| 999 |
_c11182 _d11182 |
||